000 00277nam a2200097Ia 4500
008 230206s9999 xx 000 0 und d
041 _aeng
100 _aMurthy E N, Ed.
_9119288
245 _aThe IUP Journal of Management Research
260 _c2010
_bThe ICFAI University
_aHyderabad
999 _c97740
_d97740